000 00983nac a22002891i 4500
003 EG-ScBUE
005 20250120095416.0
008 250120t1985 nyua f b 001 0 eng d
020 _a0071133305
020 _a9780071133302
040 _aEG-ScBUE
_beng
_erda
_cEG-ScBUE
_dEG-ScBUE
082 0 4 _a519.72
_bGAS
_222
100 1 _aGass, Saul I.,
_eauthor.
245 1 0 _aLinear programming :
_bmethods and applications /
_cSaul I. Gass, College of Business and Management, University of Maryland.
250 _aFifth edition.
264 1 _aNew York :
_bMcGraw-Hill,
_c[1985]
264 4 _cc1985
300 _axi, 532 pages :
_billustrations ;
_c24 cm.
336 _2rdacontent
_atext
_btxt
337 _aunmediated
_2rdamedia
_bn
338 _avolume
_bnc
_2rdacarrier
490 0 _aMathematics and statistics series
504 _aIncludes bibliographical references and index.
650 7 _aLinear programming.
_2BUEsh
655 _vReading book
942 _cBB
_2ddc
999 _c5964
_d5964